000 00660nam a22002177a 4500
003 KOHA_MİRAKIL
005 20260511054721.0
008 260507b tu ||||| |||| 00| 0 tur d
020 _a9789944892537
040 _aTR-AnABB
_btur
_cTR-AnABB
041 _atur
082 _a814.42
_bBEK 2007
100 1 _aBektaş, Cengiz
245 1 0 _aSevgiyi paylaşalım /
_cCengiz Bektaş
260 _aİstanbul :
_bÇizgi Kitabevi,
_c2007
300 _a159 sayfa ;
_c20 cm
500 _aYazar tarafından Prof. Dr. Ruşen Keleş için imzalanmıştır.
650 0 4 _aTürk edebiyatı, deneme
900 _bCan ÇELIK
942 _2ddc
_cBK
999 _c10361
_d10361